Džihádistický diskurz teroristické propagandy na internetu

Terorizmus na internete. Architektúra mediálneho džihádu na internete.

Enregistré dans:
Détails bibliographiques
Auteur principal: Fuxa, Filip
Format: Chapitre de livre
Langue:tchèque
Sujets:
Tags: Ajouter un tag
Pas de tags, Soyez le premier à ajouter un tag!

MARC

LEADER 00000naa a2200000 4500
001 0174323
005 20231208075644.9
041 0 |a cze 
044 |a CZ 
245 1 0 |a Džihádistický diskurz teroristické propagandy na internetu  |c Filip Fuxa 
520 |a Terorizmus na internete. Architektúra mediálneho džihádu na internete. 
610 2 0 |a terorizmus 
610 2 0 |a politika medzinárodná 
610 2 0 |a internet 
610 2 0 |a islam 
610 2 0 |a propagácia 
100 1 |a Fuxa, Filip